| 000 | 00843nmm a2200289 a 4500 | ||
|---|---|---|---|
| 003 | AR-BaBNM | ||
| 005 | 20251128203526.0 | ||
| 008 | 127019s1958 ||||||||||||||000 | spa|| | ||
| 040 | _cAR-BaBNM | ||
| 245 | 1 | 0 | _aPanorama de la cultura de los Estados Unidos |
| 260 |
_aBuenos Aires _bSur _c1958 |
||
| 300 | 0 | _a456 p. | |
| 500 | 0 | _aCompilación de comentarios sobre 350 libros norteamericanos escogidos que brindan en su conjunto una visión global de la cultura de Estados Unidos | |
| 650 | 4 | _aSOCIOLOGIA CULTURAL | |
| 650 | 4 | _aCULTURA | |
| 650 | 4 | _aLITERATURA | |
| 650 | 4 | _aPOLITICA | |
| 650 | 4 | _aHISTORIA | |
| 650 | 4 | _aFOLKLORE | |
| 650 | 4 | _aARTE | |
| 650 | 4 | _aCOSTUMBRES Y TRADICIONES | |
| 650 | 4 | _aDINAMICA CULTURAL | |
| 651 | 4 | _aEstados Unidos | |
| 700 | 1 |
_aLarrabee, Eric _ecompilador |
|
| 942 | _cBK | ||
| 998 | _claura | ||
| 999 |
_c3790 _d3790 |
||